| 000 | 00675nam a22002057a 4500 | ||
|---|---|---|---|
| 003 | NUST | ||
| 005 | 20240722112954.0 | ||
| 008 | 190726b ||||| |||| 00| 0 eng d | ||
| 038 | _aMr. Noman | ||
| 082 | _a200 | ||
| 100 |
_aLiaquat, Muwahida _918640 |
||
| 245 |
_aSAMPLED DATA REGULATION BASED ON REALIZABLE RECONSTRUCTION FILTER / _cMuwahida Liaquat. |
||
| 260 |
_aRawalpindi: _bCEME - NUST, _c2013. |
||
| 300 |
_axviii, 194 p.: ill.; _c30cm. |
||
| 500 | _aHardcover. | ||
| 650 |
_aPh. D-Electrical Engineering _9124451 |
||
| 700 |
_aSupervisor:Dr. Muhammad Bilal Malik. _9124695 |
||
| 856 | _u http://10.250.8.41:8080/xmlui/handle/123456789/27045 | ||
| 942 |
_2ddc _cSC |
||
| 999 |
_c527404 _d527404 |
||